000 01093nam a2200313 i 4500
003 DO-SdBNP
005 20250621074010.0
007 ta
008 091012s2010 dr ac 001 0dspa d
020 _a9789945163100
040 _aDO-SdBNP
_bspa
_cBNPHU
_erda
082 4 _a972.93054
_bH522e 2010
_222
100 1 _aHamlet, Hermann,
_d1934-2016
_936649
245 1 0 _aEslabón perdido :
_bgobierno provisional 1965-1966 /
_cHamlet Hermann.
250 _a2da edición
264 1 _aSanto Domingo :
_bImpresión Mediabyte,
_c2010.
300 _a127 páginas :
_bilustraciones, retratos ;
_c28 cm.
336 _2rdacontent
_atexto
_btxt
337 _2rdamedia
_asin mediación
_bn
338 _2rdacarrier
_avolumen
_bnc
500 _aIncluye índice
500 _aIncluye referencias bibliográficas y notas al pie de las páginas
504 _aBibliografía páginas 125-127
590 _aInventatariado, 2024 /LP
651 4 _aRepública Dominicana
_xHistoria
_yRevolución, 1965
_92167
651 0 _aRepública Dominicana
_xPolítica y gobierno
_945
910 _aLP
942 _2ddc
_cLBS1
999 _c56289
_d56289